The super scam / (Record no. 343723)
[ view plain ]
| 000 -LEADER | |
|---|---|
| fixed length control field | 00679nam a2200253Ia 4500 |
| 003 - CONTROL NUMBER IDENTIFIER | |
| control field | 20180301135958.0 |
| 005 - DATE AND TIME OF LATEST TRANSACTION | |
| control field | 20180301140029.0 |
| 008 - FIXED-LENGTH DATA ELEMENTS--GENERAL INFORMATION | |
| fixed length control field | 170918s9999 xx 000 0 und d |
| 020 ## - INTERNATIONAL STANDARD BOOK NUMBER | |
| International Standard Book Number | 9780545560160 |
| 050 ## - LIBRARY OF CONGRESS CALL NUMBER | |
| Item number | S857 2007 |
| 100 ## - MAIN ENTRY--PERSONAL NAME | |
| Personal name | Stilton, Geronimo |
| 245 #4 - TITLE STATEMENT | |
| Title | The super scam / |
| 245 ## - TITLE STATEMENT | |
| Statement of responsibility, etc | by Geronimo Stilton. |
| 260 ## - PUBLICATION, DISTRIBUTION, ETC. (IMPRINT) | |
| Place of publication, distribution, etc | New York : |
| 260 ## - PUBLICATION, DISTRIBUTION, ETC. (IMPRINT) | |
| Name of publisher, distributor, etc | Scholastic, |
| 260 ## - PUBLICATION, DISTRIBUTION, ETC. (IMPRINT) | |
| Date of publication, distribution, etc | 2007 |
| 300 ## - PHYSICAL DESCRIPTION | |
| Extent | 77 pages : |
| 300 ## - PHYSICAL DESCRIPTION | |
| Other physical details | color illustrations ; |
| 300 ## - PHYSICAL DESCRIPTION | |
| Dimensions | 14cm. |
| 300 ## - PHYSICAL DESCRIPTION | |
| Accompanying material | Geronimo Stilton Mini Mystery ; |
| 440 ## - SERIES STATEMENT/ADDED ENTRY--TITLE | |
| Title | 1 |
| 500 ## - GENERAL NOTE | |
| General note | 600 |
| 942 ## - ADDED ENTRY ELEMENTS (KOHA) | |
| Source of classification or shelving scheme | Dewey Decimal Classification |
| Koha item type | Books |
| Classification part | GS FIC S857 2007 bk 1 |
| Item part | GS FIC S857 2007 bk 1 |
| Withdrawn status | Lost status | Damaged status | Home library | Current library | Date acquired | Total Checkouts | Full call number | Barcode | Date last seen | Price effective from | Koha item type |
|---|---|---|---|---|---|---|---|---|---|---|---|
| Stonyhurst Southville International School (Malarayat) | Stonyhurst Southville International School (Malarayat) | 09/18/2017 | SF FIC S857 2007 bk 1 | SSISM2795 | 09/18/2017 | 09/18/2017 | Books |